zpět

Detail výsledku týmu

The PUB Praha 6 , Praha

Datum a čas kvízu

27 Celkem bodů Celkový počet nahraných bodů na tomto kvízu bez doplňovacích otázek.
11. Pořadí na kvízu Konečné umístění týmu na tomto kvízu.

Zaznamenané odpovědi

# Otázka Odpověď Body Výsledky
1. Ručně a stručně vyřešila své p... v Brně 0
2. O nebývalý rozruch se na newyo... A) mýval 1
3. Který bývalý člen kanceláře pr... Jiří Ovčáček 0
4. Minulý týden jsme se dozvěděli... 5 000 Kčs 0
5. V úterý byly zveřejněny podrob... Tadej Pogačar, Spojené arabské emiráty 0.5
6. Robin Hood je britsko-americký... Ridley Scott, Russel Crowe 0.5
7. Nyní se podíváme na film režis... Křižáček 0
8. Německý film režiséra Edwarda... Na západní frontě klid, Erich Maria Remarque 1
9. Film Pianista byl natočen v ro... Adrien Brody, Roman Polański 0
10. Napište název filmu, z něhož p... Nepřítel před branami 0